[Event "Kemerovo Region Cup sf"]
[Site "Kemerovo"]
[Date "2014.07.22"]
[Round "2"]
[White "Kharchenko, Alexey"]
[Black "Guzikov, Danil"]
[Result "1-0"]
[WhiteElo "2018"]
[BlackElo "2135"]
[PlyCount "83"]
[EventDate "2014.07.21"]
[EventType "swiss"]
[EventRounds "9"]
[EventCountry "RUS"]
[SourceTitle "EXT 2016"]
[Source "ChessBase"]
[SourceDate "2015.10.08"]
[SourceVersion "1"]
[SourceVersionDate "2015.10.08"]
[SourceQuality "1"]

1. d4 e6 2. c4 d5 3. Nc3 Nf6 4. Nf3 Nbd7 5. Bg5 Be7 6. e3 0-0 7. Bd3 b6 8. cxd5 exd5 9. 0-0 Bb7 10. Qc2 h6 11. Bh4 c5 12. Rfe1 Rc8 13. Bf5 a6 14. Ne5 Ra8 15. Bxf6 Nxf6 16. dxc5 bxc5 17. Red1 Qc7 18. Nf3 Bd6 19. h3 Rfe8 20. Rac1 Qe7 21. Re1 g6 22. Bd3 Rac8 23. Qe2 Qe6 24. Na4 Rc7 25. b4 c4 26. Bc2 Bxb4 27. Nd4 Qe7 28. Red1 Ne4 29. Bxe4 Qxe4 30. Rb1 Bd6 31. Rb6 Qe5 32. g3 Bc8 33. Nf3 Qe7 34. Nc3 Rc5 35. Nxd5 Qd8 36. Qb2 Be5 37. Nxe5 Rxd5 38. Rxd5 Qxd5 39. Nxg6 Kh7 40. Nf4 Qd1+ 41. Kh2 Qf3 42. Rxh6+ 1-0

[Event "Novokuznetsk op"]
[Site "Novokuznetsk"]
[Date "2013.08.18"]
[Round "8"]
[White "Guzikov, Danil"]
[Black "Staritsina, Elizaveta"]
[Result "1-0"]
[WhiteElo "2117"]
[BlackElo "1930"]
[PlyCount "87"]
[EventDate "2013.08.11"]
[EventType "swiss"]
[EventRounds "9"]
[EventCountry "RUS"]
[SourceTitle "CBM 156 Extra"]
[Source "ChessBase"]
[SourceDate "2013.10.22"]
[SourceVersion "1"]
[SourceVersionDate "2013.10.22"]
[SourceQuality "1"]

1. e4 c5 2. Nf3 Nc6 3. Bb5 e5 4. Bxc6 dxc6 5. 0-0 Bd6 6. Nc3 Nf6 7. h3 0-0 8. d3 h6 9. Be3 Be6 10. Qd2 Nh7 11. Ne2 Qf6 12. Nh2 Qg6 13. Ng3 f5 14. exf5 Bxf5 15. Qc3 b6 16. Nxf5 Rxf5 17. a4 Ng5 18. Kh1 Ne6 19. a5 b5 20. b4 Raf8 21. bxc5 Bc7 22. Qb4 Nd4 23. c3 Ne6 24. Qe4 Qe8 25. c4 bxc4 26. Qxc4 Kh8 27. a6 Nf4 28. Rab1 Nd5 29. Kg1 R5f6 30. Bd2 Re6 31. Rfe1 Qf7 32. Re2 Rb8 33. Rxb8+ Bxb8 34. Nf3 Re8 35. Bc1 Qc7 36. Bb2 Qe7 37. Bxe5 Qd7 38. Qg4 Qxg4 39. hxg4 Kg8 40. d4 Nb4 41. Rb2 Nxa6 42. Rb7 Bxe5 43. Nxe5 Nxc5 44. Rxa7 1-0

[Event "Novokuznetsk Siberia-ch"]
[Site "Novokuznetsk"]
[Date "2013.03.29"]
[Round "9"]
[White "Karpov, Arkadiy"]
[Black "Guzikov, Danil"]
[Result "1-0"]
[WhiteElo "2080"]
[BlackElo "2201"]
[PlyCount "169"]
[EventDate "2013.03.21"]
[EventType "swiss"]
[EventRounds "9"]
[EventCountry "RUS"]
[SourceTitle "CBM 153 Extra"]
[Source "ChessBase"]
[SourceDate "2013.04.22"]
[SourceVersion "1"]
[SourceVersionDate "2013.04.22"]
[SourceQuality "1"]

1. Nf3 Na6 2. g3 c6 3. Bg2 Nh6 4. d4 f6 5. e4 Nf7 6. c4 Nc7 7. Nc3 e6 8. 0-0 Be7 9. e5 d6 10. exd6 Nxd6 11. Qe2 0-0 12. Bf4 Re8 13. Rad1 Nf7 14. Rfe1 Bd6 15. Bc1 Bd7 16. a3 e5 17. dxe5 Nxe5 18. Ne4 Bf8 19. Nxe5 fxe5 20. Bh3 Bxh3 21. Rxd8 Raxd8 22. Qh5 Be6 23. Ng5 h6 24. Nxe6 Nxe6 25. Be3 c5 26. Qxe5 Ng5 27. Qf5 Re5 28. Qg4 Re4 29. Qh5 Nf7 30. Rc1 b6 31. Kg2 Be7 32. Qg6 Re5 33. Qc2 Bf6 34. Rd1 Ree8 35. b4 Rxd1 36. Qxd1 Bd4 37. bxc5 bxc5 38. Qa4 Re7 39. Bxd4 cxd4 40. c5 d3 41. Qd4 Rc7 42. Kf3 Re7 43. Kg2 Rc7 44. Kf1 Kf8 45. f4 Ke8 46. Qxd3 Nd8 47. Qe4+ Kd7 48. Qd5+ Kc8 49. Kf2 Nc6 50. g4 Ne7 51. Qe5 Nc6 52. Qf5+ Kb7 53. h4 Ka6 54. Qd3+ Kb7 55. Kg3 Re7 56. g5 hxg5 57. hxg5 Kc7 58. Qd6+ Kb7 59. Kg4 Rc7 60. f5 Kc8 61. f6 gxf6 62. gxf6 Nd8 63. Kf5 Nf7 64. Qa6+ Kb8 65. Qb5+ Kc8 66. Qe8+ Nd8 67. Qf8 Rf7 68. Qe8 Rd7 69. Kg6 Rc7 70. Qf8 Rd7 71. a4 Kc7 72. Qe8 Kc8 73. a5 Kc7 74. a6 Kc6 75. Kf5 Kc7 76. Qe5+ Kc6 77. Qe8 Kc7 78. Qe4 Nc6 79. Kg6 Nd8 80. Qa8 Rd1 81. Qxa7+ Kc8 82. Qb6 Rg1+ 83. Kf5 Rf1+ 84. Ke4 Rxf6 85. Qxf6 1-0

[Event "Novokuznetsk Siberia-ch"]
[Site "Novokuznetsk"]
[Date "2013.03.25"]
[Round "5"]
[White "Lykov, Vasili"]
[Black "Guzikov, Danil"]
[Result "0-1"]
[WhiteElo "2113"]
[BlackElo "2201"]
[PlyCount "62"]
[EventDate "2013.03.21"]
[EventType "swiss"]
[EventRounds "9"]
[EventCountry "RUS"]
[SourceTitle "CBM 153 Extra"]
[Source "ChessBase"]
[SourceDate "2013.04.22"]
[SourceVersion "1"]
[SourceVersionDate "2013.04.22"]
[SourceQuality "1"]

1. e4 e5 2. Nf3 Nc6 3. Bc4 Bc5 4. b4 Bxb4 5. c3 Ba5 6. d4 exd4 7. 0-0 Nf6 8. e5 d5 9. exd6 0-0 10. Nxd4 Ne5 11. dxc7 Qxc7 12. Be2 Rd8 13. Qb3 Neg4 14. g3 Ne4 15. Bb2 Ng5 16. Na3 Qe7 17. Rae1 Qf6 18. Bxg4 Bxg4 19. f4 Ne6 20. Nc4 Nxd4 21. cxd4 Bxe1 22. Rxe1 Rac8 23. d5 Qf5 24. Ne5 Bh3 25. Qxb7 Rb8 26. Qe7 Re8 27. Nc6 h6 28. Qxe8+ Rxe8 29. Rxe8+ Kh7 30. Re2 Qxd5 31. Ne5 f6 0-1

[Event "Novokuznetsk Siberia-ch"]
[Site "Novokuznetsk"]
[Date "2013.03.23"]
[Round "3"]
[White "Nevostrujev, Vladimir"]
[Black "Guzikov, Danil"]
[Result "1-0"]
[WhiteElo "2438"]
[BlackElo "2201"]
[PlyCount "151"]
[EventDate "2013.03.21"]
[EventType "swiss"]
[EventRounds "9"]
[EventCountry "RUS"]
[SourceTitle "CBM 153 Extra"]
[Source "ChessBase"]
[SourceDate "2013.04.22"]
[SourceVersion "1"]
[SourceVersionDate "2013.04.22"]
[SourceQuality "1"]

1. e4 e5 2. Nf3 Nc6 3. Bb5 Nf6 4. 0-0 Bc5 5. Nxe5 Nxe4 6. Qe2 Nxe5 7. Qxe4 Qe7 8. d4 Nc6 9. Qxe7+ Bxe7 10. c3 a6 11. Ba4 0-0 12. Re1 Bf6 13. Nd2 d6 14. Ne4 Bd8 15. Bc2 Bd7 16. Bd2 Ne7 17. Ng3 Ng6 18. c4 Bf6 19. Bc3 Be6 20. Bd3 Nf4 21. Bf1 d5 22. c5 Bd7 23. Ne2 Ne6 24. Red1 Ba4 25. b3 Bb5 26. Rac1 Rfe8 27. Ng3 g6 28. a4 Bxf1 29. Kxf1 Nf4 30. Ba5 c6 31. Rc2 Re7 32. Ne2 Ne6 33. Rd3 Rae8 34. Bc3 Ng5 35. b4 Ne4 36. Bb2 Bh4 37. f3 Nf6 38. Bc1 Nd7 39. Bf4 Bf6 40. Kf2 Nf8 41. Bd6 Rd7 42. Bxf8 Kxf8 43. Re3 Rdd8 44. Rb2 Ra8 45. Rxe8+ Kxe8 46. Ke3 Kd7 47. Kd3 Kc7 48. f4 Re8 49. Rb1 Bg7 50. b5 axb5 51. axb5 Ra8 52. Nc3 Bf6 53. f5 gxf5 54. Rf1 Kd7 55. Rxf5 Ke6 56. Rh5 Rg8 57. Ne2 Ra8 58. bxc6 Ra3+ 59. Kd2 bxc6 60. h4 Ra2+ 61. Ke3 Ra3+ 62. Kf2 Ra2 63. Rh6 Ke7 64. Ke3 Ra3+ 65. Kd2 Ra1 66. g4 Rh1 67. g5 Bg7 68. Rxc6 Rxh4 69. Rd6 Bxd4 70. Rxd5 Bg7 71. Kd3 Rh1 72. c6 Rd1+ 73. Kc4 Rxd5 74. Kxd5 h6 75. Ng3 hxg5 76. Nf5+ 1-0

[Event "Novokuznetsk Winter op"]
[Site "Novokuznetsk"]
[Date "2013.01.08"]
[Round "5"]
[White "Guzikov, Danil"]
[Black "Sozin, Stepan"]
[Result "1/2-1/2"]
[WhiteElo "2170"]
[BlackElo "2206"]
[PlyCount "107"]
[EventDate "2013.01.03"]
[EventType "swiss"]
[EventRounds "9"]
[EventCountry "RUS"]
[SourceTitle "CBM 152 Extra"]
[Source "ChessBase"]
[SourceDate "2013.02.25"]
[SourceVersion "1"]
[SourceVersionDate "2013.02.25"]
[SourceQuality "1"]

1. e4 c5 2. c3 Nf6 3. e5 Nd5 4. d4 cxd4 5. cxd4 e6 6. Bc4 d6 7. Nf3 Nc6 8. 0-0 Be7 9. Qe2 0-0 10. Qe4 Re8 11. exd6 Bxd6 12. Nc3 Nf6 13. Qh4 Ne7 14. Bd3 Ng6 15. Bxg6 fxg6 16. Re1 b6 17. Bg5 Bb7 18. Qh3 h6 19. Bd2 g5 20. Ne5 Bxe5 21. dxe5 Ne4 22. Rxe4 Qxd2 23. Re2 Qf4 24. Rd1 Bc6 25. Re3 Kh7 26. Rd6 Rac8 27. Qh5 Re7 28. Qd1 Qf5 29. h3 Rcc7 30. Ne2 Bd5 31. Nd4 Qg6 32. Kh2 Rc4 33. b3 Rc5 34. Qd3 Qxd3 35. Rxd3 Rc8 36. Rd2 Rc1 37. Nc2 Be4 38. Ne3 Rc5 39. Re2 Bb7 40. Nc4 Bd5 41. Nb2 Rec7 42. Nc4 Bxc4 43. bxc4 R7c6 44. Rxc6 Rxc6 45. Re4 Rc5 46. g4 Kg6 47. Kg2 Kf7 48. Kf3 Ke7 49. a3 Ra5 50. Re3 Ra4 51. Rc3 Kd7 52. Rd3+ Ke7 53. Rc3 Ke8 54. Ke3 1/2-1/2

[Event "Novokuznetsk School op"]
[Site "Novokuznetsk"]
[Date "2012.06.13"]
[Round "8"]
[White "Yurchenko, Vitaliy"]
[Black "Guzikov, Danil"]
[Result "0-1"]
[WhiteElo "2067"]
[BlackElo "2147"]
[PlyCount "64"]
[EventDate "2012.06.13"]
[EventType "swiss"]
[EventRounds "9"]
[EventCountry "RUS"]
[SourceTitle "EXT 2022"]
[Source "ChessBase"]
[SourceDate "2021.10.06"]
[SourceVersion "1"]
[SourceVersionDate "2021.10.06"]
[SourceQuality "1"]

1. e4 c5 2. Nf3 g6 3. Bc4 Bg7 4. Nc3 Nc6 5. d3 d6 6. h3 Nf6 7. Be3 0-0 8. Qd2 a6 9. a3 Bd7 10. Bh6 Rb8 11. Bxg7 Kxg7 12. Bd5 e5 13. 0-0 Nh5 14. Ne2 h6 15. g4 Nf6 16. Nh2 Nxd5 17. exd5 Ne7 18. c4 g5 19. f3 f5 20. Ng3 Ng6 21. Nh5+ Kh7 22. Rf2 f4 23. Qe2 Be8 24. Qe4 Kg8 25. Nf1 Nh4 26. Nd2 Bxh5 27. gxh5 Qe8 28. Rh2 Qxh5 29. Rf1 Nf5 30. Rff2 b5 31. Nf1 bxc4 32. dxc4 Rb3 0-1